La reglamentación de la ley 25.916 de residuos domiciliarios / (Registro nro. 4937)
[ vista simple ]
| 000 -LEADER | |
|---|---|
| fixed length control field | 01417nab a22002417a 4500 |
| 003 - CONTROL NUMBER IDENTIFIER | |
| control field | OSt |
| 005 - DATE AND TIME OF LATEST TRANSACTION | |
| control field | 20230721120237.0 |
| 008 - FIXED-LENGTH DATA ELEMENTS--GENERAL INFORMATION | |
| fixed length control field | 190604e xxu||||| |||| 00| 0 spa d |
| 040 ## - CATALOGING SOURCE | |
| Transcribing agency | PJ |
| 100 ## - MAIN ENTRY--PERSONAL NAME | |
| 9 (RLIN) | 5694 |
| Personal name | Rodríguez, Carlos Aníbal |
| 245 13 - TITLE STATEMENT | |
| Title | La reglamentación de la ley 25.916 de residuos domiciliarios / |
| Statement of responsibility, etc | Carlos Aníbal Rodríguez. |
| 260 ## - PUBLICATION, DISTRIBUTION, ETC. (IMPRINT) | |
| Place of publication, distribution, etc | Ciudad Autónoma de Buenos Aires : |
| Name of publisher, distributor, etc | Thomson Reuters La Ley, |
| Date of publication, distribution, etc | 2023. |
| 300 ## - PHYSICAL DESCRIPTION | |
| Extent | p. 60-67 |
| 500 ## - GENERAL NOTE | |
| General note | Cita Online: AR/DOC/126/2023. |
| 505 ## - FORMATTED CONTENTS NOTE | |
| Formatted contents note | Sumario: I. La cuestión de los residuos.— II. El dec. 779/2022 del 25/11/2022 reglamenta por parte del Poder Ejecutivo Nacional la ley 25.916 de la Ley de Presupuestos Mínimos de Protección Ambiental de Gestión Integral de los Residuos Domiciliarios, ley 25.916, mediante el Anexo I de dicha norma (art. 1°).— III. Colofón. |
| 505 ## - FORMATTED CONTENTS NOTE | |
| Title | Si te interesa el texto, comunicate: koha@justierradelfuego.gov.ar |
| 650 #0 - SUBJECT ADDED ENTRY--TOPICAL TERM | |
| 9 (RLIN) | 2848 |
| Topical term or geographic name as entry element | DERECHO AMBIENTAL |
| 650 #0 - SUBJECT ADDED ENTRY--TOPICAL TERM | |
| 9 (RLIN) | 2849 |
| Topical term or geographic name as entry element | PROTECCIÓN DEL MEDIO AMBIENTE |
| 650 #0 - SUBJECT ADDED ENTRY--TOPICAL TERM | |
| 9 (RLIN) | 5536 |
| Topical term or geographic name as entry element | RESIDUOS DOMICILIARIOS |
| 773 0# - HOST ITEM ENTRY | |
| Host Biblionumber | 2714 |
| Host Itemnumber | 3171 |
| Place, publisher, and date of publication | Ciudad Autónoma de Buenos Aires : Thomson Reuters La Ley, 2014- |
| Title | Revista anales de legislación argentina. Nº 4 - Abril 2023. |
| 856 ## - ELECTRONIC LOCATION AND ACCESS | |
| Link text | Normativa comentada: Decreto Reglamentario Nº 779/2022 |
| Uniform Resource Identifier | <a href="https://www.justierradelfuego.gov.ar/wp-content/uploads/2023/07/DECRETO-779-2022-REGLAMENTARIO-LEY-25.916.pdf">https://www.justierradelfuego.gov.ar/wp-content/uploads/2023/07/DECRETO-779-2022-REGLAMENTARIO-LEY-25.916.pdf</a> |
| 942 ## - ADDED ENTRY ELEMENTS (KOHA) | |
| Source of classification or shelving scheme | |
| Koha item type | Analítica Artículo de Revista |
No hay ítems disponibles.
